Дело по представлению исполняющего должность Нижегородского гражданского губернатора о прибавке в Лукояновский земский суд засед...

Доступно только в Электронных читальных залах Найти на картеНа карте
RUSMARC
00003568nmc2a2200000 x 450
0012a220338-723d-408d-8940-6ee76446a1ae
00520160620161736.0
100##$a20150930l18291829k l0rusy0189 ca
1010#$arus
102##$aRU
2001#$aДело по представлению исполняющего должность Нижегородского гражданского губернатора о прибавке в Лукояновский земский суд заседателей от дворян
$j6 апреля - 21 августа 1829 г.
251##$cДело
300##$aДело
801#0$aRU
$bРГИА
$c20150930
$gRCR
801#1$aRU
$bГлавНИВЦ
$c20150930
$2rusmarc
801#2$aRU
$bПБ им. Б.Н. Ельцина
$c20160620
$gRCR
$2rusmarc
850##$aРГИА
852##$aРГИА
$eФедеральное казенное учреждение "Российский государственный исторический архив" (РГИА)
$j135
937##$hРГИА
$d12158244
$aASBIBLIO_SCAN
462#0$1001a39e2297-54db-40fd-a6d1-834dfe144f2e
$12001
$a1826-1829 гг. Дела Департамента полиции исполнительной МВД за 1829 г.
$1251
$cОпись
$1852
$j4
461#0$10013e300ed0-cd39-49af-8489-5ba5b90fa401
$12001
$aДепартамент полиции исполнительной МВД
$1251
$cФонд
$1852
$j1286
215##$a10 л.
$d36,5х26 см
371##$aДокумент не является опубликованным и широко распространяемым
105##$ay###
1222#$ad
035##$a2a220338-723d-408d-8940-6ee76446a1ae
Формат отображения